| 000 | 00522nam a2200217Ia 4500 | ||
|---|---|---|---|
| 003 | 0100 | ||
| 008 | 130303s9999 xx 000 0 und d | ||
| 020 | _a829812512 | ||
| 040 | _cARRUPELIB | ||
| 050 | _aQH442.G473 1998 | ||
| 245 | _aGenetics | ||
| 245 | _bissues of social justice | ||
| 260 | _aCleveland | ||
| 260 | _bPilgrim Press | ||
| 260 | _C1998 | ||
| 300 | _ax | ||
| 300 | _b 262p. 23cm. | ||
| 440 | _aThe pilgrim library of ethics | ||
| 700 | _aedited by Ted Peters , Peters, Ted, 1941- | ||
| 942 | 0 | 0 | _01 |
| 999 |
_c9731 _d9731 |
||